Fundamentals of college algebra / (Record no. 193389)

000 -LEADER
fixed length control field 00798 a2200181 4500
003 - CONTROL NUMBER IDENTIFIER
control field NUST
005 - DATE AND TIME OF LATEST TRANSACTION
control field 20221116123718.0
020 ## - INTERNATIONAL STANDARD BOOK NUMBER
International Standard Book Number 0830411593
040 ## - CATALOGING SOURCE
Transcribing agency Nust
082 ## - DEWEY DECIMAL CLASSIFICATION NUMBER
Classification number 512.9,STE
100 ## - MAIN ENTRY--PERSONAL NAME
Personal name Stein, Robert G.
245 ## - TITLE STATEMENT
Title Fundamentals of college algebra /
Statement of responsibility, etc. Robert G. Stein
260 ## - PUBLICATION, DISTRIBUTION, ETC.
Place of publication, distribution, etc. Nelson Hall
Name of publisher, distributor, etc. Chicago
Date of publication, distribution, etc. 1986
300 ## - PHYSICAL DESCRIPTION
Extent 421 p.:
505 ## - FORMATTED CONTENTS NOTE
Formatted contents note Basic Algebra (Page-1), Linear and Quadratic Equations (Page-49), Inequalities and Further Equation (Page-83), Functions and Graphs I (Page-113), Functions and Graphs (Page-149), Exponential Functions and Related Topics (Page-185), Logarithms (Page-213), Complex Number (Page-239), Conic Sections (Page-249), Linear Systems (Page-283), Counting and Probability (Page-331).
650 ## - SUBJECT ADDED ENTRY--TOPICAL TERM
Topical term or geographic name entry element Algebra
9 (RLIN) 8509
942 ## - ADDED ENTRY ELEMENTS (KOHA)
Source of classification or shelving scheme
Koha item type Book
Call number prefix 512.9,STE
Holdings
Withdrawn status Lost status Source of classification or shelving scheme Damaged status Not for loan Permanent Location Current Location Shelving location Date acquired Full call number Barcode Date last seen Price effective from Koha item type Public note
          Military College of Signals (MCS) Military College of Signals (MCS) General Stacks 12/12/2016 512.9,STE MCS7216 12/08/2016 12/12/2016 Book Almirah No.11, Shelf No.5
© 2023 Central Library, National University of Sciences and Technology. All Rights Reserved.